Las histerias /
Compilación de artículos que estudian la histeria desde perspectivas distintas, por ejemplo, la histeria y el teatro, el carácter de los histéricos, la naturaleza de esa psicopatología, su relación con la locura y la hístero-epilepsia. Reune textos de Paul-Claude Racamier, Ernst Kretschmer, Jean Mar...
Αποθηκεύτηκε σε:
| Κύριος συγγραφέας: | |
|---|---|
| Μορφή: | Βιβλίο |
| Γλώσσα: | Ισπανικά |
| Έκδοση: |
Buenos Aires, Argentina :
Nueva Visión,
1991, c1984
|
| Σειρά: | (Psicopatología)
|
| Θέματα: | |
| Ετικέτες: |
Δεν υπάρχουν, Καταχωρήστε ετικέτα πρώτοι!
|
MARC
| LEADER | 00000nam^a2200000^a^4500 | ||
|---|---|---|---|
| 001 | 000617917 | ||
| 005 | 20250711000000.0 | ||
| 009 | 20260310133749.467 | ||
| 020 | |a 950-602-057-4 | ||
| 037 | |a Acervo ITESO - Biblioteca | ||
| 041 | |a ESP | ||
| 082 | |a 616. 8524 |b SAU | ||
| 100 | |a Saurí, Jorge J. |e (compilación) | ||
| 245 | 1 | 4 | |a Las histerias / |c Comp. de J.J. Saurí. |
| 264 | 4 | |a Buenos Aires, Argentina : |b Nueva Visión, |c 1991, c1984 | |
| 300 | |a 366 p. | ||
| 336 | |a texto |b txt |2 rdacontenido | ||
| 337 | |a sin mediación |b n |2 rdamedio | ||
| 338 | |a volumen |b nc |2 rdasoporte | ||
| 440 | 1 | |a (Psicopatología) | |
| 520 | |a Compilación de artículos que estudian la histeria desde perspectivas distintas, por ejemplo, la histeria y el teatro, el carácter de los histéricos, la naturaleza de esa psicopatología, su relación con la locura y la hístero-epilepsia. Reune textos de Paul-Claude Racamier, Ernst Kretschmer, Jean Marie Charcot y Joseph Babinski, entre otros. | ||
| 649 | |a XX | ||
| 650 | |a Histeria - |x Tema Principal | ||
| 650 | |a Neurosis | ||
| 650 | |a Epilepsia | ||
| 650 | |a Psicopatología - |x Tema Principal | ||
| 650 | |a Teatro | ||
| 650 | |a Psicoanálisis y Arte | ||
| 650 | |a Psicología y Arte | ||
| 650 | |a Psicoanálisis Freudiano | ||
| 650 | |a Psicoanálisis | ||
| 650 | |a Psicología Clínica | ||
| 910 | |a Fondo Castillo-Martínez | ||
| 920 | |a Impresos - Libros | ||
| 930 | |a Fondos Especiales | ||
| 905 | |a 127 | ||
| 901 | |a 617917-10 |b IT2 |c ESP |i D129504 |u 20250711 | ||
| 902 | |a https://opac.biblio.iteso.mx/vufind/Record/000617917 | ||